Molecular control of proliferation and differentiation (Record no. 33371)

MARC details
000 -LEADER
fixed length control field 00415nam a2200145Ia 4500
082 ## - DEWEY DECIMAL CLASSIFICATION NUMBER
Classification number 576.32/.36
Item number PAP
100 ## - MAIN ENTRY--AUTHOR NAME
Personal name PAPACONSTANTINOO, John
245 #0 - TITLE STATEMENT
Title Molecular control of proliferation and differentiation
260 ## - PUBLICATION, DISTRIBUTION, ETC. (IMPRINT)
Place of publication New York
Name of publisher Academic
Year of publication 1978
650 ## - SUBJECT ADDED ENTRY--TOPICAL TERM
Topical Term Blood cell
650 ## - SUBJECT ADDED ENTRY--TOPICAL TERM
Topical Term Nerve cell differentiation
700 ## - ADDED ENTRY--PERSONAL NAME
Personal name RUTTER, William J
942 ## - ADDED ENTRY ELEMENTS (KOHA)
Koha item type Books
Holdings
Withdrawn status Lost status Damaged status Not for loan Home library Current library Date acquired Full call number Accession Number Koha item type
        RRII Library RRII Library 16/12/2021 576.32/.36 PAP 13869 Books